| 000 | 00634nam a2200229Ia 4500 | ||
|---|---|---|---|
| 003 | OSt | ||
| 005 | 20220928102114.0 | ||
| 006 | a|||||r|||| 00| 0 | ||
| 007 | ta | ||
| 008 | 220927b |||||||| |||| 00| 0 eng d | ||
| 024 | _a47469 | ||
| 037 | _cTextual | ||
| 040 |
_aSDCL _cSDCL _beng |
||
| 041 |
_2eng _aeng |
||
| 082 | _aO152,1N13:g, K7 | ||
| 100 |
_aSharma Lakshami Narayan _9396635 |
||
| 245 | 0 | _aNarendra Sharma aur unka kavya. | |
| 260 |
_aDelhi _bNational Publishing House _c1967 |
||
| 300 |
_a143p _ccm. |
||
| 942 |
_hO152,1N13:g, K7 _cTEXL _2CC |
||
| 999 |
_c712383 _d712383 |
||